Loading...
| Literature - European | 0 | 9 | 0 | 0 | 90 | 53 | 78.44 | 1 | 9 | 34.40 | 62.46 |
| Fine Arts - Visual | 0 | 9 | 0 | 0 | 90 | 51 | 76.67 | 6 | 9 | 35.18 | 71.59 |
| Science - Biology | 0 | 9 | 1 | 1 | 85 | 53 | 89.11 | 1 | 5 | 21.55 | 48.88 |
| Science - Other | 0 | 8 | 0 | 1 | 80 | 76 | 97.38 | 1 | 5 | 13.91 | 45.04 |
| Science - Chemistry | 0 | 7 | 1 | 0 | 65 | 56 | 74.00 | 3 | 7 | 24.00 | 55.68 |
| Literature - American | 0 | 6 | 0 | 0 | 60 | 48 | 73.50 | 1 | 4 | 26.51 | 42.05 |
| Science - Physics | 0 | 6 | 1 | 0 | 55 | 62 | 81.33 | 2 | 4 | 17.33 | 39.12 |
| Fine Arts - Classical Music | 0 | 5 | 0 | 0 | 50 | 51 | 87.60 | 2 | 5 | 15.12 | 39.61 |
| Literature - World/Other | 0 | 5 | 2 | 0 | 40 | 67 | 82.60 | 1 | 5 | 19.01 | 38.60 |
| Literature - British | 0 | 5 | 2 | 0 | 40 | 42 | 79.60 | 1 | 4 | 19.00 | 37.63 |
| Social Science | 0 | 3 | 0 | 1 | 30 | 63 | 78.00 | 1 | 3 | 8.11 | 22.40 |
| History - Other | 0 | 2 | 0 | 0 | 20 | 68 | 70.50 | 0 | 2 | 8.21 | 11.87 |
| History - World | 0 | 2 | 1 | 0 | 15 | 73 | 74.00 | 0 | 1 | 7.19 | 12.75 |
| Mythology | 0 | 1 | 0 | 0 | 10 | 63 | 63.00 | 0 | 1 | 4.78 | 6.82 |
| Geography/Current Events | 0 | 1 | 0 | 0 | 10 | 98 | 98.00 | 0 | 0 | 2.71 | 8.33 |
| History - American | 0 | 1 | 0 | 0 | 10 | 67 | 67.00 | 0 | 1 | 4.51 | 7.95 |
| Philosophy | 0 | 1 | 0 | 0 | 10 | 89 | 89.00 | 1 | 1 | 2.40 | 6.82 |
| Fine Arts - Other | 0 | 1 | 1 | 0 | 5 | 78 | 78.00 | 1 | 1 | 3.28 | 9.09 |
| Religion | 0 | 2 | 5 | 0 | -5 | 77 | 91.50 | 1 | 1 | 5.45 | 11.49 |